00546cam a2200181Ia 450000500170000000800410001702000150005802000180007304000510009104100080014210000170015024500360016726000420020330000320024549000130027765000350029065000390032520180312142003.01404 s1994 sp a gr 000 j spa d a844800177X a9788448001773 aCO-BoUCMbspacJose A. GerenadDiana Londoño1 aspa1 aTalbot, John13aEl water embrujadocJohn Talbot aBarcelona (España)bTimun masc1994 a64 páginasbilustraciones1 aJetsv18 7aLibros ilustrados para niños 7aLiteratura infantil estadounidense